The Oxford India anthology of Bengali literature / (Record no. 34930)

MARC details
000 -LEADER
fixed length control field 01454nam a22003137a 4500
005 - DATE AND TIME OF LATEST TRANSACTION
control field 20100331111219.0
008 - FIXED-LENGTH DATA ELEMENTS--GENERAL INFORMATION
fixed length control field 100331t xxu||||| |||| 00| 0 eng d
010 ## - LCCN (DPL NO)
LC control number ENG-95931-32
020 ## - INTERNATIONAL STANDARD BOOK NUMBER
International Standard Book Number 0198064624 (V.1)
Terms of availability 695.00
020 ## - INTERNATIONAL STANDARD BOOK NUMBER
International Standard Book Number 9780198064626 (V.1)
Terms of availability 695.00
020 ## - INTERNATIONAL STANDARD BOOK NUMBER
International Standard Book Number 0198064616 (V.2)
Terms of availability 695.00
020 ## - INTERNATIONAL STANDARD BOOK NUMBER
International Standard Book Number 9780198064619 (V.2)
Terms of availability 695.00
035 ## - SYSTEM CONTROL NUMBER
System control number EN-79464-65
037 ## - SOURCE OF ACQUISITION
Source of stock number/acquisition DBAD/PUB
040 ## - CATALOGING SOURCE
Original cataloging agency DPL
082 ## - DEWEY DECIMAL CLASSIFICATION NUMBER
Classification number 863.8
245 ## - TITLE STATEMENT
Title The Oxford India anthology of Bengali literature /
Statement of responsibility, etc edited by Kalpana Bardhan
260 ## - PUBLICATION, DISTRIBUTION, ETC. (IMPRINT)
Place of publication, distribution, etc New Delhi
Name of publisher, distributor, etc Oxford University Press
Date of publication, distribution, etc 2010
270 ## - ADDRESS
Address YMCA Library Building, Jai Singh Road
City New Delhi
Postal code 110001
300 ## - PHYSICAL DESCRIPTION
Extent 2v. (xxxii, 404p. ;xxix, 473p.)
Dimensions 24 cm. (Hb)
500 ## - GENERAL NOTE
General note It is a set of 2 V. and prices is Rs. 695.00 (each)
505 ## - FORMATTED CONTENTS NOTE
Formatted contents note V.I-1861-1941. V.II- 1941-1991
650 ## - SUBJECT ADDED ENTRY--TOPICAL TERM
Topical term or geographic name as entry element Bengali literature
Chronological subdivision 19th Century
Form subdivision Translation into English
650 ## - SUBJECT ADDED ENTRY--TOPICAL TERM
Topical term or geographic name as entry element Bengali literature
Chronological subdivision 20th Century
Form subdivision Translation into English
700 ## - ADDED ENTRY--PERSONAL NAME
Personal name Bardhan, Kalpana
942 ## - ADDED ENTRY ELEMENTS (KOHA)
Source of classification or shelving scheme Dewey Decimal Classification
Item type English Books
Call number suffix BAR
Classification part 863.8
Holdings
Withdrawn status Lost status Source of classification or shelving scheme Materials specified (bound volume or other part) Damaged status Not for loan Collection code Home library Current library Date acquired Source of acquisition Cost, normal purchase price Total Checkouts Full call number Barcode Date last seen Copy number Cost, replacement price Koha item type Public note
    Dewey Decimal Classification V.I (Hb)   Not For Loan Non-fiction D.B.Act.Division D.B.Act.Division 26/02/2010 DBAD/PUB 695.00   863.8 BAR EN-79464 31/03/2010 1 695.00 English Books V.I
    Dewey Decimal Classification V.II (Hb)   Not For Loan Non-fiction D.B.Act.Division D.B.Act.Division 26/02/2010 DBAD/PUB 695.00   863.8 BAR EN-79465 31/03/2010 1 695.00 English Books V.II

© Delhi Public Library
Hit Counter
free hit counter